Statystyki dla Państwa wysunięte najbardziej na wschód

Kliknij tutaj aby rozwiązać quiz!

Ogólne statystyki

  • Ten quiz został rozwiązany 4 511 razy
  • Średni wynik to 15 z 20

Statystyki odpowiedzi

Długość
geograficzna
Państwo% Poprawnych
180Rosja
96%
154.0Japonia
95%
168.0Australia
92%
178.9Nowa Zelandia
89%
134.8Chiny
88%
131.9Korea Południowa
85%
130.7Korea Północna
84%
141.1Indonezja
82%
179.8Stany Zjednoczone
79%
159.4Papua Nowa-Gwinea
73%
172.2Wyspy Marshalla
72%
180Fidżi
70%
163.0Mikronezja
70%
170.2Wyspy Salomona
69%
176.8Kiribati
68%
134.7Palau
65%
179.9Tuvalu
65%
170.2Vanuatu
65%
167.0Nauru
64%
127.5Timor Wschodni
54%

Rozkład punktacji

Percentyl według liczby udzielonych odpowiedzi

Procent ludzi z każdym wynikiem

Twoja historia wyników

Nie rozwiązałeś tego quizu